Statistics for Countries where abortion is illegal (or permitted only to save the woman's life)

Click here to take the quiz!

General Stats

  • This quiz has been taken 344 times
    (326 since last reset)
  • The average score is 32 of 57

Answer Stats

Answer% Correct
Brazil
85%
Chile
80%
Colombia
77%
Egypt
73%
Saudi Arabia
73%
Iran
72%
Niger
72%
Paraguay
72%
Venezuela
72%
Yemen
71%
Nigeria
70%
Oman
69%
Honduras
68%
Nicaragua
68%
Panama
68%
Sudan
68%
United Arab Emirates
68%
Chad
65%
El Salvador
65%
Guatemala
64%
Libya
64%
Syria
63%
Democratic Republic of Congo
62%
Congo
61%
Mexico
61%
Indonesia
60%
Dominican Republic
59%
Mali
59%
Somalia
59%
Haiti
58%
Afghanistan
56%
Kenya
56%
Angola
55%
Guinea-Bissau
55%
Lebanon
53%
Mauritania
53%
Ireland
51%
Tanzania
51%
Uganda
51%
Vatican City
49%
Benin
48%
Senegal
48%
Central African Republic
47%
Togo
47%
Gabon
46%
Madagascar
45%
Lesotho
44%
Côte d'Ivoire
43%
Bangladesh
42%
Laos
42%
Malta
39%
Philippines
39%
Sri Lanka
38%
Mauritius
32%
Papua New Guinea
26%
Myanmar
21%
Other
4%

Score Distribution

Percentile by Number Answered

Percent of People with Each Score

Your Score History

You have not taken this quiz since the last reset